000 nam a22 7a 4500
999 _c8344
_d8344
008 180110b ||||| |||| 00| 0 eng d
100 _94759
_aMTG LEARNING
245 _aENVIRONMENT STUDIES-3
260 _aNEW DELHI
_bMTG
_c2017